Normal view MARC view

Entry Personal Name

Number of records used in: 1

001 - CONTROL NUMBER

  • control field: 9031

003 - CONTROL NUMBER IDENTIFIER

  • control field: DLC

005 - DATE AND TIME OF LATEST TRANSACTION

  • control field: 20220524144409.0

008 - FIXED-LENGTH DATA ELEMENTS

  • fixed length control field: 791116n| acannaab |a aaa

010 ## - LIBRARY OF CONGRESS CONTROL NUMBER

  • LC control number: n 79131888

040 ## - CATALOGING SOURCE

  • Original cataloging agency: DLC
  • Transcribing agency: DLC
  • Modifying agency: DLC

100 1# - HEADING--PERSONAL NAME

  • Personal name: Singer, Jerome E.

400 1# - SEE FROM TRACING--PERSONAL NAME

  • Personal name: Singer, Jerome E.
  • Fuller form of name: (Jerome Everett)

670 ## - SOURCE DATA FOUND

  • Source citation: His Patterns of psychological research, 1966.

670 ## - SOURCE DATA FOUND

  • Source citation: Baum, A. Social psychology, c1984:
  • Information found: CIP t.p. (Jerome E. Singer) CIP data sheet (b. 4/29/34)

670 ## - SOURCE DATA FOUND

  • Source citation: Enhancing organizational performance, 1997:
  • Information found: CIP t.p. (Jerome E. Singer) galley (chair, Dept. of Medical and Clinical Psych., Uniformed Svcs. Univ. of Health Sciences, Bethesda, Md.)

670 ## - SOURCE DATA FOUND

  • Source citation: Handbook of health psychology, c2012:
  • Information found: t.p. (Jerome Singer) p. v ("in memory of Jerome E. Singer (1935-2010)")

670 ## - SOURCE DATA FOUND

  • Source citation: Washington Post online 2010-04-25/26:
  • Information found: death notice (Singer, Jerome Everett (age 75) on April 21, 2010 of Reston, VA)

Powered by Koha